Geografia per Lettere - S - Statistics

Statistiche generali
  • Questo quiz è stato fatto 139 volte
  • Il punteggio medio è 13 su 20
Statistiche sulle risposte
Categoria Risposta % Corretto
Provincia Italiana Salerno - Sassari - Savona - Siena - Siracusa - Sondrio - Sud Sardegna
99%
Stato Europeo San Marino - Serbia - Slovacchia - Slovenia - Spagna - Svezia - Svizzera
96%
Deserto Sahara
94%
Stato Asiatico Singapore - Siria - Sri Lanka
93%
Città Italiana (100k+) Salerno - Sassari - Siracusa
91%
Stato Africano São Tomé e Príncipe - Senegal - Seychelles - Sierra Leone - Somalia - Sudafrica - Sudan - Sudan del Sud
85%
Capitale Europea Sarajevo - Skopje - Sofia - Stoccolma
82%
Stato Sud Americano Suriname
77%
Capitale Sud Americana Santiago del Cile - Sucre
76%
Stato Oceaniano Samoa
75%
Città che ha Ospitato un'Olimpiade Saint Louis - Stoccolma - Seul - Sydney - Sankt Moritz - Squaw Valley - Sapporo - Sarajevo - Salt Lake City - Soči
72%
Stato Nord Americano Saint Kitts e Nevis - Saint Lucia - Saint Vincent e Grenadine - Stati Uniti
69%
Capitale Asiatica Sana'a - Seul - Sri Jayawardenapura Kotte - Singapore
65%
Capitale Nord Americana Saint George's - Saint John's - San José - San Salvador - Santo Domingo
48%
Capitale di uno Stato USA Sacramento - Saint Paul - Salem - Santa Fe - Salt Lake City - Springfield
37%
Contea Inglese Shropshire - Somerset - Staffordshire - Suffolk - Surrey - Sussex
35%
Capitale Oceaniana Suva
26%
Capitale Africana São Tomé
25%
Grande Lago Superiore
21%
Provincia Canadese Saskatchewan
10%
Nessun quiz corrispondente trovato
Distribuzione punteggi
Percentuale di utenti per punteggio
Percentile per numero di risposta
I tuoi punteggi nel tempo
Non hai fatto questo quiz